[Event "COL-chT 21st"]
[Site "Cartagena"]
[Date "2019.11.30"]
[Round "5.3"]
[White "Aguilar, Natalia Andrea"]
[Black "Gomez Saenz, Manuela"]
[Result "1-0"]
[WhiteElo "1811"]
[BlackElo "1523"]
[PlyCount "77"]
[EventDate "2019.11.30"]
[EventType "team-swiss"]
[EventRounds "9"]
[EventCountry "COL"]
[SourceTitle "CBM 195 Extra"]
[Source "ChessBase"]
[SourceDate "2020.05.31"]
[SourceVersion "1"]
[SourceVersionDate "2020.05.31"]
[SourceQuality "1"]
[WhiteTeam "Risaralda"]
[BlackTeam "Caldas"]
[WhiteTeamCountry "COL"]
[BlackTeamCountry "COL"]

1. Nf3 Nf6 2. c4 d6 3. b3 g6 4. Bb2 Bg7 5. e3 0-0 6. Be2 e5 7. d4 Re8 8. 0-0 c6 9. Nc3 Nbd7 10. Rc1 Kh8 11. a3 Ng8 12. e4 exd4 13. Nxd4 Ne5 14. f4 Nd7 15. Nf3 Ne7 16. Qxd6 f5 17. c5 fxe4 18. Ng5 Rf8 19. Ne6 Nf5 20. Qxf8+ Qxf8 21. Nxf8 Nxf8 22. Rfe1 Ne6 23. Bc4 Nxc5 24. a4 Nd3 25. Bxd3 Bd4+ 26. Kf1 exd3 27. Re8+ Kg7 28. Rb1 Ne3+ 29. Rxe3 Bxe3 30. Nd5+ Kf7 31. Nxe3 Bf5 32. Rd1 Be4 33. g3 Re8 34. Nc4 Bf3 35. Rd2 Be2+ 36. Kf2 Ke6 37. Ne5 Rd8 38. Ke3 Rd5 39. Ba3 1-0

[Event "COL-chT 21st"]
[Site "Cartagena"]
[Date "2019.11.30"]
[Round "2.3"]
[White "Aguilar, Natalia Andrea"]
[Black "Mateus, Martha"]
[Result "1-0"]
[WhiteElo "1811"]
[BlackElo "1945"]
[PlyCount "47"]
[EventDate "2019.11.30"]
[EventType "team-swiss"]
[EventRounds "9"]
[EventCountry "COL"]
[SourceTitle "CBM 195 Extra"]
[Source "ChessBase"]
[SourceDate "2020.05.31"]
[SourceVersion "1"]
[SourceVersionDate "2020.05.31"]
[SourceQuality "1"]
[WhiteTeam "Risaralda"]
[BlackTeam "Valle"]
[WhiteTeamCountry "COL"]
[BlackTeamCountry "COL"]

1. e4 e6 2. d3 d5 3. Nd2 dxe4 4. dxe4 Nc6 5. Ngf3 Nf6 6. Bb5 Bd7 7. 0-0 Be7 8. Qe2 0-0 9. e5 Nd5 10. Ne4 a6 11. Bc4 Na7 12. a4 Qe8 13. b3 f5 14. exf6 Bxf6 15. Nxf6+ Nxf6 16. Re1 Nd5 17. Bb2 c6 18. Ne5 Rd8 19. Qg4 g6 20. Qd4 c5 21. Qxc5 Nc6 22. Nxc6 bxc6 23. Qd4 Rf7 24. Qh8# 1-0

[Event "COL-chT 21st"]
[Site "Cartagena"]
[Date "2019.11.30"]
[Round "4.3"]
[White "Aguilar, Natalia Andrea"]
[Black "Rivera, Ingris"]
[Result "0-1"]
[WhiteElo "1811"]
[BlackElo "2126"]
[PlyCount "129"]
[EventDate "2019.11.30"]
[EventType "team-swiss"]
[EventRounds "9"]
[EventCountry "COL"]
[SourceTitle "CBM 195 Extra"]
[Source "ChessBase"]
[SourceDate "2020.05.31"]
[SourceVersion "1"]
[SourceVersionDate "2020.05.31"]
[SourceQuality "1"]
[WhiteTeam "Risaralda"]
[BlackTeam "Bolivar"]
[WhiteTeamCountry "COL"]
[BlackTeamCountry "COL"]

1. Nf3 Nf6 2. c4 g6 3. b3 Bg7 4. Bb2 0-0 5. d4 d6 6. e3 c5 7. Be2 Nc6 8. 0-0 Bf5 9. a3 Ne4 10. Nbd2 cxd4 11. Nxe4 Bxe4 12. exd4 d5 13. c5 b6 14. Qd2 Na5 15. b4 Nb3 16. Qe3 Nxa1 17. Bxa1 a5 18. b5 bxc5 19. dxc5 Bxa1 20. Rxa1 a4 21. Nd4 Qc7 22. Nc6 Rfe8 23. Nb4 Qe5 24. Rd1 Qb2 25. f3 Bc2 26. Rd2 Qc1+ 27. Kf2 Bb3 28. Nxd5 Qxa3 29. Nc7 Rac8 30. Nxe8 Rxe8 31. c6 Rc8 32. Rd7 Qb4 33. c7 Be6 34. Rd8+ Kg7 35. Qe5+ Kh6 36. Qe3+ Kg7 37. b6 a3 38. Qe5+ Kh6 39. Qe3+ Kg7 40. Ba6 a2 41. Qe5+ Kh6 42. Bxc8 a1Q 43. Qxa1 Qxb6+ 44. Qd4 Qxc7 45. Bxe6 fxe6 46. Qd2+ g5 47. Rd7 Qc5+ 48. Kf1 Qb5+ 49. Qd3 Qc5 50. g3 Qb4 51. Rd4 Qb2 52. f4 Qxh2 53. fxg5+ Kg7 54. Rf4 Qh1+ 55. Kf2 Qh2+ 56. Ke3 Qxg3+ 57. Ke4 Qxg5 58. Qf3 Qd5+ 59. Ke3 Qc5+ 60. Ke2 Qc2+ 61. Kf1 Qc1+ 62. Kg2 Qc2+ 63. Kh3 Qc8 64. Rg4+ Kh8 65. Kh4 0-1

[Event "COL-chT 21st"]
[Site "Cartagena"]
[Date "2019.11.30"]
[Round "3.3"]
[White "Caicedo Anguila, Juliana Andrea"]
[Black "Aguilar, Natalia Andrea"]
[Result "0-1"]
[WhiteElo "1559"]
[BlackElo "1811"]
[PlyCount "77"]
[EventDate "2019.11.30"]
[EventType "team-swiss"]
[EventRounds "9"]
[EventCountry "COL"]
[SourceTitle "CBM 195 Extra"]
[Source "ChessBase"]
[SourceDate "2020.05.31"]
[SourceVersion "1"]
[SourceVersionDate "2020.05.31"]
[SourceQuality "1"]
[WhiteTeam "Atlantico"]
[BlackTeam "Risaralda"]
[WhiteTeamCountry "COL"]
[BlackTeamCountry "COL"]

1. d4 Nf6 2. c4 g6 3. Nc3 Bg7 4. e4 d6 5. f3 0-0 6. Be3 c5 7. d5 a6 8. Bd3 e6 9. Nge2 exd5 10. cxd5 b5 11. a3 Nbd7 12. 0-0 Ne5 13. Bc2 Nc4 14. Bc1 Nh5 15. b3 Ne5 16. Rb1 f5 17. exf5 gxf5 18. Nf4 Nxf4 19. Bxf4 Ng6 20. Ne2 Nxf4 21. Nxf4 Bd4+ 22. Kh1 Be5 23. Ne2 Rf7 24. f4 Bf6 25. Ng3 Bd4 26. Qh5 Qf6 27. Rbe1 Bd7 28. Re2 Qg6 29. Rfe1 Bc3 30. Rf1 b4 31. a4 Raf8 32. Rf3 Rg7 33. Qxg6 hxg6 34. Rfe3 a5 35. Re7 Rff7 36. Rxf7 Kxf7 37. Kg1 Bc8 38. Kf2 Ba6 39. Re6 0-1

[Event "COL-chT rapid (Women)"]
[Site "Cartagena"]
[Date "2019.11.29"]
[Round "4.3"]
[White "Baquero, Yuri Paola"]
[Black "Aguilar, Natalia Andrea"]
[Result "0-1"]
[WhiteElo "1715"]
[BlackElo "1829"]
[PlyCount "74"]
[EventDate "2019.11.29"]
[EventType "team-swiss"]
[EventRounds "7"]
[EventCountry "COL"]
[SourceTitle "CBM 193 Extra"]
[Source "ChessBase"]
[SourceDate "2020.01.31"]
[SourceVersion "1"]
[SourceVersionDate "2020.01.31"]
[SourceQuality "1"]
[WhiteTeam "Meta (W)"]
[BlackTeam "Risaralda (W)"]
[WhiteTeamCountry "COL"]
[BlackTeamCountry "COL"]

1. d4 Nf6 2. Bg5 e6 3. e3 Be7 4. Nf3 d5 5. c3 Nbd7 6. Bd3 0-0 7. 0-0 c5 8. Nbd2 b6 9. Rc1 Bb7 10. Bxf6 Bxf6 11. Re1 Rc8 12. e4 dxe4 13. Nxe4 Be7 14. dxc5 Nxc5 15. Nxc5 Bxc5 16. Be4 Ba6 17. Qc2 f5 18. Bxf5 exf5 19. Ne5 Bb7 20. Rcd1 Qg5 21. g3 h5 22. b4 Be7 23. Qb3+ Kh7 24. Rd7 Be4 25. f3 Bf6 26. Nf7 Rxf7 27. Rxf7 Bxf3 28. Qe6 Rxc3 29. Qd7 Be4 30. Rxe4 fxe4 31. Kg2 Rc2+ 32. Kh3 Rxa2 33. b5 Qg4+ 34. Qxg4 hxg4+ 35. Kxg4 Rf2 36. Rxa7 e3 37. Rb7 e2 0-1

[Event "COL-chT rapid (Women)"]
[Site "Cartagena"]
[Date "2019.11.29"]
[Round "2.3"]
[White "Chirivi Castiblanco, Jenny Astrid"]
[Black "Aguilar, Natalia Andrea"]
[Result "1-0"]
[WhiteElo "2066"]
[BlackElo "1829"]
[PlyCount "99"]
[EventDate "2019.11.29"]
[EventType "team-swiss"]
[EventRounds "7"]
[EventCountry "COL"]
[SourceTitle "CBM 193 Extra"]
[Source "ChessBase"]
[SourceDate "2020.01.31"]
[SourceVersion "1"]
[SourceVersionDate "2020.01.31"]
[SourceQuality "1"]
[WhiteTeam "Antioquia (W)"]
[BlackTeam "Risaralda (W)"]
[WhiteTeamCountry "COL"]
[BlackTeamCountry "COL"]

1. d4 Nf6 2. c4 e6 3. Nf3 c5 4. Nc3 cxd4 5. Nxd4 Nc6 6. g3 Be7 7. Bg2 a6 8. 0-0 0-0 9. b3 Nxd4 10. Qxd4 Qc7 11. Bb2 d6 12. Rfd1 Rd8 13. Rac1 Rb8 14. Ne4 Ne8 15. h4 b6 16. Qd3 h6 17. Ba3 Bb7 18. Bb2 Bxe4 19. Bxe4 Qc5 20. Bd4 Qc7 21. Bg2 Bf6 22. Be3 Qe7 23. Qb1 Nc7 24. b4 d5 25. cxd5 Nxd5 26. Bxd5 exd5 27. a3 Rb7 28. Qd3 a5 29. b5 d4 30. Bf4 g5 31. hxg5 hxg5 32. Bd2 Qe5 33. Rc6 Kg7 34. Kg2 Qd5+ 35. f3 Rh8 36. e4 Qd7 37. g4 Rbb8 38. Rxf6 Kxf6 39. e5+ Ke7 40. Bxg5+ Ke8 41. Bf6 Rh6 42. Qxd4 Qxd4 43. Rxd4 Rh7 44. Rd6 Rh6 45. f4 Rh7 46. f5 Rh6 47. g5 Rh4 48. g6 fxg6 49. Bxh4 gxf5 50. Kf3 1-0

[Event "COL-chT (Women)"]
[Site "Cartagena"]
[Date "2019.11.26"]
[Round "5.3"]
[White "Aguilar, Natalia Andrea"]
[Black "Franco Valencia, Beatriz Irene"]
[Result "0-1"]
[WhiteElo "1811"]
[BlackElo "2116"]
[PlyCount "99"]
[EventDate "2019.11.24"]
[EventType "team-swiss"]
[EventRounds "7"]
[EventCountry "COL"]
[SourceTitle "CBM 193 Extra"]
[Source "ChessBase"]
[SourceDate "2020.01.31"]
[SourceVersion "1"]
[SourceVersionDate "2020.01.31"]
[SourceQuality "1"]
[WhiteTeam "Risaralda (W)"]
[BlackTeam "Bolivar (W)"]
[WhiteTeamCountry "COL"]
[BlackTeamCountry "COL"]

1. Nf3 g6 2. d4 Bg7 3. b3 d6 4. Bb2 Bg4 5. e3 c6 6. Be2 Nf6 7. c4 0-0 8. 0-0 Nbd7 9. Nbd2 Re8 10. h3 Bxf3 11. Nxf3 Qc7 12. Rc1 Rad8 13. Qc2 e5 14. Rfd1 Qb8 15. Bf1 e4 16. Nd2 Rc8 17. g3 d5 18. Bg2 b5 19. Qb1 Bf8 20. cxd5 cxd5 21. Rxc8 Rxc8 22. Rc1 Bd6 23. Rxc8+ Qxc8 24. Qc1 Qb7 25. a3 b4 26. axb4 Bxb4 27. Ba3 Bxd2 28. Qxd2 Qxb3 29. Qa5 Qb6 30. Qxb6 Nxb6 31. Bf1 Nc4 32. Be7 Nd7 33. Be2 f5 34. Bd1 Kf7 35. Bb4 a5 36. Bc3 Ndb6 37. Kf1 Ke6 38. Ke2 Kd6 39. f3 Kc6 40. fxe4 dxe4 41. g4 Kb5 42. gxf5 gxf5 43. Bb3 a4 44. Ba2 Nd5 45. Bd2 Nb4 46. Bxb4 Kxb4 47. d5 Nd6 48. Kd2 Ka3 49. Bb1 Kb2 50. Ke1 0-1

[Event "COL pre olympic sf3"]
[Site "Cartagena"]
[Date "2019.08.16"]
[Round "5"]
[White "Aguilar, Natalia Andrea"]
[Black "Rojas Castillo, Andrea Lizeth"]
[Result "1-0"]
[WhiteElo "1873"]
[BlackElo "1684"]
[PlyCount "49"]
[EventDate "2019.08.14"]
[EventType "swiss"]
[EventRounds "10"]
[EventCountry "COL"]
[SourceTitle "EXT 2020"]
[Source "ChessBase"]
[SourceDate "2019.10.17"]
[SourceVersion "1"]
[SourceVersionDate "2019.10.17"]
[SourceQuality "1"]

1. d4 d5 2. Nf3 Nf6 3. e3 c6 4. c4 Bf5 5. Nc3 e6 6. Be2 Nbd7 7. 0-0 Bd6 8. b3 0-0 9. Bb2 Re8 10. Re1 h6 11. a3 a5 12. Rc1 Bg6 13. Bf1 Ne4 14. Nxe4 Bxe4 15. Nd2 Bf5 16. e4 dxe4 17. Nxe4 Bxh2+ 18. Kxh2 Qh4+ 19. Kg1 Bxe4 20. Rc3 Bg6 21. Rh3 Qd8 22. Bd3 Qf6 23. Ree3 Bf5 24. Rhg3 c5 25. Qa1 1-0

[Event "COL pre olympic sf2"]
[Site "Palmira"]
[Date "2019.06.03"]
[Round "10"]
[White "Castrillon Gomez, Melissa"]
[Black "Aguilar, Natalia Andrea"]
[Result "1-0"]
[WhiteElo "2242"]
[BlackElo "1883"]
[PlyCount "61"]
[EventDate "2019.05.29"]
[EventType "swiss"]
[EventRounds "10"]
[EventCountry "COL"]
[SourceTitle "CBM 190 Extra"]
[Source "ChessBase"]
[SourceDate "2019.07.15"]
[SourceVersion "1"]
[SourceVersionDate "2019.07.15"]
[SourceQuality "1"]

1. d4 Nf6 2. c4 e6 3. Nf3 d5 4. Nc3 Be7 5. Bg5 0-0 6. e3 Nbd7 7. Qc2 a6 8. cxd5 exd5 9. Bd3 h6 10. Bf4 c5 11. 0-0 c4 12. Be2 b5 13. Ne5 Bb7 14. Bf3 Rc8 15. Qf5 Nb6 16. a3 Bd6 17. g4 g5 18. Bg3 Nh7 19. Nxf7 Rxf7 20. Qg6+ Rg7 21. Qe6+ Kh8 22. Qxd6 Qxd6 23. Bxd6 Rf7 24. Bg2 Nf6 25. h3 Nbd7 26. f4 Ne4 27. Nxe4 dxe4 28. fxg5 Rxf1+ 29. Rxf1 hxg5 30. Rf7 Bc6 31. d5 1-0

[Event "COL pre olympic sf2"]
[Site "Palmira"]
[Date "2019.06.01"]
[Round "7"]
[White "Aguilar, Natalia Andrea"]
[Black "Navia Alvarez, Edwin Adrian"]
[Result "0-1"]
[WhiteElo "1883"]
[BlackElo "2078"]
[PlyCount "40"]
[EventDate "2019.05.29"]
[EventType "swiss"]
[EventRounds "10"]
[EventCountry "COL"]
[SourceTitle "CBM 190 Extra"]
[Source "ChessBase"]
[SourceDate "2019.07.15"]
[SourceVersion "1"]
[SourceVersionDate "2019.07.15"]
[SourceQuality "1"]

1. d4 d5 2. c4 e6 3. Nc3 c5 4. Nf3 Nf6 5. e3 Nc6 6. Be2 cxd4 7. exd4 Be7 8. 0-0 0-0 9. b3 b6 10. Bb2 Bb7 11. Rc1 Rc8 12. Re1 Re8 13. Qd2 Bb4 14. Qf4 dxc4 15. bxc4 Na5 16. a3 Bd6 17. Ne5 Nxc4 18. Bxc4 Rxc4 19. Nb5 Rxc1 20. Rxc1 Bb8 0-1

[Event "COL-ch U2000"]
[Site "Pereira"]
[Date "2019.03.22"]
[Round "3"]
[White "Torres, Saulo de Jesus"]
[Black "Aguilar, Natalia Andrea"]
[Result "1-0"]
[WhiteElo "1839"]
[BlackElo "1903"]
[PlyCount "77"]
[EventDate "2019.03.21"]
[EventType "swiss"]
[EventRounds "9"]
[EventCountry "COL"]
[SourceTitle "CBM 189 Extra"]
[Source "ChessBase"]
[SourceDate "2019.06.03"]
[SourceVersion "1"]
[SourceVersionDate "2019.06.03"]
[SourceQuality "1"]

1. e4 c5 2. Nf3 Nc6 3. d4 cxd4 4. Nxd4 Qc7 5. f4 d6 6. Nf3 Nf6 7. Nc3 g6 8. Bd3 Bg7 9. 0-0 0-0 10. Qe1 a6 11. Qh4 e6 12. Kh1 b5 13. a3 Bb7 14. f5 exf5 15. Bh6 fxe4 16. Ng5 Nh5 17. Bxg7 Kxg7 18. Rxf7+ Qxf7 19. Nxf7 Rxf7 20. Nxe4 Rd8 21. Ng3 Nxg3+ 22. Qxg3 Ne5 23. Be2 Rdf8 24. Kg1 Rf6 25. Rf1 Nd7 26. Qc3 Nc5 27. Rxf6 Rxf6 28. b4 Ne4 29. Qd4 d5 30. Bf3 g5 31. a4 Kg6 32. axb5 axb5 33. Qe5 Bc6 34. Qb8 Nc3 35. h3 Na2 36. Qg8+ Kh6 37. Qd8 Kg6 38. Bh5+ Kf5 39. Qe7 1-0

[Event "COL-chT (Women)"]
[Site "Ibague"]
[Date "2017.07.21"]
[Round "5.1"]
[White "Aguilar, Natalia Andrea"]
[Black "Castrillon Gomez, Melissa"]
[Result "0-1"]
[WhiteElo "1923"]
[BlackElo "2187"]
[PlyCount "68"]
[EventDate "2017.07.19"]
[EventType "team-swiss"]
[EventRounds "6"]
[EventCountry "COL"]
[SourceTitle "CBM 179 Extra"]
[Source "ChessBase"]
[SourceDate "2017.08.23"]
[SourceVersion "1"]
[SourceVersionDate "2017.08.23"]
[SourceQuality "1"]
[WhiteTeam "Risaralda (W)"]
[BlackTeam "Antioquia (W)"]
[WhiteTeamCountry "COL"]
[BlackTeamCountry "COL"]

1. d4 Nf6 2. Nf3 g6 3. g3 Bg7 4. Bg2 d6 5. 0-0 0-0 6. c4 Nc6 7. Nc3 a6 8. h3 Rb8 9. e4 b5 10. cxb5 axb5 11. Qc2 Bd7 12. Be3 b4 13. Ne2 b3 14. axb3 Nb4 15. Qb1 Bb5 16. Nc3 Bd3 17. Qd1 Nxe4 18. Re1 Bc2 19. Qe2 Nf6 20. Rec1 Bxb3 21. Nb5 Nc2 22. Ra7 c6 23. Nc7 Rc8 24. Na6 Nxe3 25. Qxe3 Be6 26. Nb4 Qb6 27. Qa3 c5 28. dxc5 dxc5 29. Nd3 c4 30. Nf4 Ne4 31. Rc2 c3 32. Nxe6 cxb2 33. Rxb2 Bxb2 34. Qxe7 Qxf2+ 0-1

[Event "COL-ch (Women)"]
[Site "Ibague"]
[Date "2013.07.02"]
[Round "2"]
[White "Ramirez, Heimy Polgar"]
[Black "Aguilar, Natalia Andrea"]
[Result "1-0"]
[WhiteElo "2102"]
[BlackElo "1930"]
[PlyCount "51"]
[EventDate "2013.07.01"]
[EventType "swiss"]
[EventRounds "9"]
[EventCountry "COL"]
[SourceTitle "EXT 2014"]
[Source "ChessBase"]
[SourceDate "2013.11.20"]
[SourceVersion "1"]
[SourceVersionDate "2013.11.20"]
[SourceQuality "1"]

1. d4 d5 2. c4 e6 3. Nf3 Nf6 4. g3 b6 5. Bg2 Bb7 6. 0-0 Be7 7. Nc3 0-0 8. Ne5 Nbd7 9. Qa4 Nxe5 10. dxe5 Ne4 11. Nxe4 dxe4 12. Rd1 Qe8 13. Qc2 Qc6 14. Be3 Rad8 15. Qc3 a5 16. Rac1 Bb4 17. Qc2 Ba8 18. a3 Be7 19. Qc3 Bc5 20. Bd4 a4 21. Qe3 h6 22. h3 Rfe8 23. Kf1 Bxd4 24. Rxd4 Rxd4 25. Qxd4 b5 26. Rc3 1-0

[Event "COL-ch (Women)"]
[Site "Ibague"]
[Date "2013.07.01"]
[Round "1"]
[White "Aguilar, Natalia Andrea"]
[Black "Medina Barrios, Lina Maria"]
[Result "1-0"]
[WhiteElo "1930"]
[BlackElo "1428"]
[PlyCount "31"]
[EventDate "2013.07.01"]
[EventType "swiss"]
[EventRounds "9"]
[EventCountry "COL"]
[SourceTitle "EXT 2014"]
[Source "ChessBase"]
[SourceDate "2013.11.20"]
[SourceVersion "1"]
[SourceVersionDate "2013.11.20"]
[SourceQuality "1"]

1. d4 Nf6 2. Nf3 d5 3. e3 a6 4. c4 dxc4 5. Bxc4 b5 6. Bd3 Bg4 7. Nbd2 Nc6 8. a4 b4 9. b3 e5 10. Qc2 Qd7 11. dxe5 Nd5 12. Bb2 Be7 13. 0-0 Rc8 14. Bxa6 Bf5 15. e4 Bxe4 16. Nxe4 1-0

[Event "Dosquebrad op"]
[Site "Dosquebrad"]
[Date "2013.06.22"]
[Round "6"]
[White "Cadavid, Juan Miguel"]
[Black "Aguilar, Natalia Andrea"]
[Result "0-1"]
[WhiteElo "1888"]
[BlackElo "1936"]
[PlyCount "34"]
[EventDate "2013.06.19"]
[EventType "swiss"]
[EventRounds "7"]
[EventCountry "COL"]
[SourceTitle "CBM 155 Extra"]
[Source "ChessBase"]
[SourceDate "2013.08.26"]
[SourceVersion "1"]
[SourceVersionDate "2013.08.26"]
[SourceQuality "1"]

1. e4 c5 2. Nf3 Nc6 3. d4 cxd4 4. Nxd4 Qc7 5. Nc3 e6 6. f4 a6 7. Be3 d6 8. Qf3 Nf6 9. 0-0-0 Bd7 10. Rg1 Rc8 11. g4 Nxd4 12. Rxd4 d5 13. exd5 Nxd5 14. Rc4 Bc6 15. Qf2 Nxe3 16. Qxe3 b5 17. Rxc6 Qxc6 0-1

[Event "Dosquebrad op"]
[Site "Dosquebrad"]
[Date "2013.06.20"]
[Round "3"]
[White "Aguilar, Natalia Andrea"]
[Black "Hevia Alejano, Carlos Antonio"]
[Result "0-1"]
[WhiteElo "1936"]
[BlackElo "2498"]
[PlyCount "48"]
[EventDate "2013.06.19"]
[EventType "swiss"]
[EventRounds "7"]
[EventCountry "COL"]
[SourceTitle "CBM 155 Extra"]
[Source "ChessBase"]
[SourceDate "2013.08.26"]
[SourceVersion "1"]
[SourceVersionDate "2013.08.26"]
[SourceQuality "1"]

1. d4 Nf6 2. c4 e6 3. Nf3 b6 4. Nc3 Bb7 5. e3 d5 6. Bd3 Bd6 7. 0-0 0-0 8. b3 Nbd7 9. Bb2 a6 10. Rc1 Qe7 11. Bb1 Ne4 12. h3 f5 13. Ne5 Nxc3 14. Bxc3 Bxe5 15. dxe5 dxc4 16. Bb2 Qg5 17. g3 Rfd8 18. Qe2 Nc5 19. Qxc4 Qh5 20. Qh4 Qf3 21. e4 Nxe4 22. Rxc7 Rd1 23. Bd4 Rxf1+ 24. Kxf1 Nxg3+ 0-1

[Event "Latin Cup-A 3rd"]
[Site "Cali"]
[Date "2012.10.06"]
[Round "4"]
[White "Aguilar, Natalia Andrea"]
[Black "Salcedo Perez, Pablo Esteban"]
[Result "1-0"]
[WhiteElo "1939"]
[BlackElo "1788"]
[PlyCount "93"]
[EventDate "2012.10.04"]
[EventType "swiss"]
[EventRounds "9"]
[EventCountry "COL"]
[SourceTitle "CBM 150 Extra"]
[Source "ChessBase"]
[SourceDate "2012.10.19"]
[SourceVersion "1"]
[SourceVersionDate "2012.10.19"]
[SourceQuality "1"]

1. d4 d5 2. Nf3 Nf6 3. Bf4 e6 4. h3 Be7 5. e3 0-0 6. c4 Nbd7 7. Nc3 b6 8. a3 c5 9. Nb5 Ne8 10. Be2 a6 11. Nc3 Bb7 12. Rc1 Rc8 13. cxd5 exd5 14. 0-0 c4 15. Ne1 Bd6 16. Bxd6 Nxd6 17. Nc2 f5 18. Bf3 Nf6 19. g3 Nde4 20. Ne1 Rc6 21. Bg2 Qd6 22. Nf3 Rc7 23. Ne5 Nd7 24. Nf3 h6 25. h4 Qf6 26. b3 Rfc8 27. Nd2 cxb3 28. Ndxe4 fxe4 29. Qxb3 Rc4 30. Nxe4 Qe7 31. Nc3 Qd6 32. Rc2 b5 33. Rfc1 Nb6 34. Kh2 Kh8 35. Bf1 R4c6 36. Bh3 R8c7 37. Bg2 Rc4 38. Bf1 R4c6 39. Bxb5 Rxc3 40. Rxc3 Rxc3 41. Rxc3 axb5 42. Qxb5 Bc8 43. Rxc8+ Nxc8 44. Qe8+ Kh7 45. Qxc8 Qxa3 46. Qf5+ Kh8 47. Qxd5 1-0

[Event "Puerto Boyaca op (Women)"]
[Site "Puerto Boyaca"]
[Date "2012.05.01"]
[Round "9"]
[White "Velez Alvarez, Laura Camila"]
[Black "Aguilar, Natalia Andrea"]
[Result "0-1"]
[WhiteElo "1662"]
[BlackElo "1932"]
[PlyCount "52"]
[EventDate "2012.04.26"]
[EventType "swiss"]
[EventRounds "9"]
[EventCountry "COL"]
[SourceTitle "CBM 148 Extra"]
[Source "ChessBase"]
[SourceDate "2012.06.22"]
[SourceVersion "1"]
[SourceVersionDate "2012.06.22"]
[SourceQuality "1"]

1. e4 c5 2. Nf3 Nc6 3. d3 e6 4. g3 d5 5. Bg2 dxe4 6. dxe4 Qxd1+ 7. Kxd1 Nf6 8. Re1 Bd7 9. Bf4 0-0-0 10. Nbd2 Ng4 11. Re2 Be7 12. c3 e5 13. Be3 Be6 14. Kc2 Nxe3+ 15. Rxe3 Rd7 16. Ree1 Rhd8 17. Red1 h6 18. b3 b5 19. Nf1 f5 20. N3d2 f4 21. Nf3 g5 22. Rxd7 Rxd7 23. Ng1 b4 24. Ne2 bxc3 25. Kxc3 Nb4 26. Nd2 Rd3+ 0-1

[Event "Puerto Boyaca op (Women)"]
[Site "Puerto Boyaca"]
[Date "2012.04.27"]
[Round "3"]
[White "Aguilar, Natalia Andrea"]
[Black "Salcedo, Diana"]
[Result "1/2-1/2"]
[WhiteElo "1932"]
[BlackElo "2028"]
[PlyCount "68"]
[EventDate "2012.04.26"]
[EventType "swiss"]
[EventRounds "9"]
[EventCountry "COL"]
[SourceTitle "CBM 148 Extra"]
[Source "ChessBase"]
[SourceDate "2012.06.22"]
[SourceVersion "1"]
[SourceVersionDate "2012.06.22"]
[SourceQuality "1"]

1. d4 d5 2. Nf3 c5 3. Bf4 e6 4. e3 Qb6 5. b3 Nf6 6. Bd3 Bd6 7. Ne5 Nbd7 8. c3 Qc7 9. Nxd7 Bxd7 10. Bg5 Ne4 11. Bh4 Bc6 12. h3 Be7 13. Bxe7 Qxe7 14. Bxe4 dxe4 15. Nd2 0-0 16. 0-0 f5 17. Nc4 Bb5 18. Qc2 g5 19. Rfd1 Bxc4 20. bxc4 h5 21. Rab1 g4 22. hxg4 hxg4 23. dxc5 Kf7 24. Kf1 Rh8 25. Ke2 Rad8 26. Rd4 Rd7 27. Rbd1 Rc7 28. Rd6 Kg6 29. Qa4 Rxc5 30. R1d4 Rhc8 31. Qxa7 Rxc4 32. Rxc4 Rxc4 33. Qb6 Kf6 34. Kd2 Rc8 1/2-1/2

[Event "Valle Region-ch (Women)"]
[Site "Cali"]
[Date "2012.03.18"]
[Round "6.2"]
[White "Aguilar, Natalia Andrea"]
[Black "Mateus, Martha"]
[Result "0-1"]
[WhiteElo "1932"]
[BlackElo "2128"]
[PlyCount "91"]
[EventDate "2012.03.16"]
[EventType "swiss"]
[EventRounds "7"]
[EventCountry "COL"]
[SourceTitle "EXT 2024"]
[Source "ChessBase"]
[SourceDate "2023.10.10"]
[SourceVersion "1"]
[SourceVersionDate "2023.10.10"]
[SourceQuality "1"]

1. d4 Nf6 2. c4 e6 3. Nf3 d5 4. e3 Bb4+ 5. Bd2 Bxd2+ 6. Nbxd2 0-0 7. Bd3 Nc6 8. a3 Re8 9. Ne5 Nxe5 10. dxe5 Nd7 11. Nf3 c5 12. Qc2 h6 13. h4 Qa5+ 14. Kf1 b5 15. cxb5 a6 16. bxa6 Bxa6 17. Bxa6 Qxa6+ 18. Kg1 Reb8 19. Kh2 c4 20. g4 Qb7 21. Rab1 Qc7 22. Qc3 Rb3 23. Qd4 f6 24. Kh3 fxe5 25. Qd1 Rab8 26. Qc2 Nc5 27. Qg6 d4 28. g5 dxe3 29. gxh6 exf2 30. Kg4 Rxf3 31. Kxf3 e4+ 32. Ke2 e3 33. Qxg7+ Qxg7 34. hxg7 Rb3 35. h5 Kxg7 36. Rh4 c3 37. Rb4 c2 38. Rc1 Rxb4 39. axb4 Nb3 40. Rxc2 Nd4+ 41. Kxe3 Nxc2+ 42. Kxf2 Nxb4 43. Ke3 Kf6 44. Ke4 Nc6 45. h6 Kg6 46. b4 0-1

[Event "Cali Primer Valle (Women)"]
[Site "Cali"]
[Date "2012.02.10"]
[Round "2.1"]
[White "Aguilar, Natalia Andrea"]
[Black "Mejia Garcia, Michelle"]
[Result "1-0"]
[WhiteElo "1906"]
[BlackElo "2008"]
[PlyCount "105"]
[EventDate "2012.02.10"]
[EventType "swiss"]
[EventRounds "7"]
[EventCountry "COL"]
[SourceTitle "EXT 2024"]
[Source "ChessBase"]
[SourceDate "2023.10.10"]
[SourceVersion "1"]
[SourceVersionDate "2023.10.10"]
[SourceQuality "1"]

1. d4 d5 2. Nf3 Nf6 3. Bf4 Bf5 4. c4 c6 5. Nc3 Nbd7 6. h3 e6 7. e3 Bb4 8. Nd2 0-0 9. Be2 Qe7 10. Nf3 h6 11. c5 Qd8 12. 0-0 Bxc3 13. bxc3 Ne4 14. Qb3 b6 15. cxb6 Qxb6 16. Rfc1 c5 17. c4 Ndf6 18. cxd5 Nxd5 19. Bh2 Rfc8 20. dxc5 Rxc5 21. Rxc5 Nxc5 22. Qc4 Ne4 23. Nd4 Bg6 24. Rc1 Nd2 25. Qc6 Qxc6 26. Nxc6 a5 27. Bd6 a4 28. Bb5 Ne4 29. Be5 a3 30. f3 Ng5 31. e4 Nb6 32. h4 Nh7 33. Bd6 Kh8 34. Ne5 Kg8 35. Nxg6 fxg6 36. Rc6 Nc8 37. Bxa3 Kf7 38. Rc7+ Kg8 39. Bb2 Nf6 40. Bxf6 gxf6 41. Bd7 Nd6 42. Bxe6+ Kf8 43. Rh7 Ra6 44. Bd5 Ra5 45. Rd7 Ne8 46. Rf7+ Kg8 47. Ra7+ Rxd5 48. exd5 Kf8 49. Ra8 Ke7 50. Rxe8+ Kxe8 51. Kf2 Kd7 52. Ke3 Kd6 53. Kd4 1-0